| 000 | 01035cam a2200325 a 4500 | ||
|---|---|---|---|
| 001 | 12211181 | ||
| 005 | 20201128021153.0 | ||
| 008 | 001025s2001 xxk frb 001 0 eng d | ||
| 010 | _a00047600 | ||
| 020 | _a0826452256 (hardback) | ||
| 020 | _a0826452264 (pbk.) | ||
| 020 | _a9780826452269 | ||
| 040 |
_aDLC _cDLC _dDLC _dEG-ScBUE |
||
| 082 | 0 | 0 |
_a325.3 _222 _bASH |
| 100 | 1 |
_aAshcroft, Bill, _d1946- _937057 |
|
| 245 | 1 | 0 |
_aOn post-colonial futures : _btransformations of colonial culture / _cBill Ashcroft. |
| 260 |
_aLondon ; _aNew York, United States : _bContinuum, _c2001. |
||
| 300 |
_a170 p. ; _c24 cm. |
||
| 490 | 1 | _aWriting past colonialism | |
| 500 | _aIndex : p. 167-170. | ||
| 504 | _aBibliography : p. [159]-166. | ||
| 650 | 0 |
_aPostcolonialism _937058 |
|
| 650 | 0 |
_aDecolonization _937059 |
|
| 650 | 0 |
_aSocial change _921180 |
|
| 650 | 0 |
_aPolitics and culture _91353 |
|
| 653 |
_bCOMSCI _cJanuary2015 |
||
| 655 |
_vreading book _934232 |
||
| 830 | 0 | _aWriting past colonialism series | |
| 942 |
_2ddc _k325.3 ASH |
||
| 999 |
_c18828 _d18800 |
||